书目信息 |
| 题名: |
二维数字信号处理
|
|
| 作者: | 黄煦涛 , Huary 主编 | |
| 分册: | I 线性滤波器 | |
| 出版信息: | 北京 科学出版社 1985 |
|
| 页数: | 276页 | |
| 开本: | 19cm | |
| 丛书名: | ||
| 单 册: | ||
| 中图分类: | TN911.72 , TP14 | |
| 科图分类: | ||
| 主题词: | 二维-数字信号-信号处理 , 数字信号-二维-信号处理 , 信号处理-二维-数字信号 , 线性滤波器 , 自动信息理论 | |
| 电子资源: | ||
| ISBN: | ||
| 000 | 00955nam0 2200325 45 | |
| 001 | 0185020409 | |
| 005 | 20040519165724.0 | |
| 010 | @dCNY2.10 | |
| 091 | @a15031.633 | |
| 100 | @a19900923d1985 em y0chiy0121 ea | |
| 101 | 1 | @achi@ceng |
| 102 | @aCN@b110000 | |
| 105 | @ay z 000yy | |
| 106 | @ar | |
| 200 | 10 | @a二维数字信号处理@Aer wei shu zi xin hao chu li@hI@i线性滤波器@f(美)黄煦涛(Huary,T.S.)主编 |
| 210 | @a北京@c科学出版社@d1985 | |
| 215 | @a276页@d19cm | |
| 300 | @a根据联邦德国施普林格出版社出版的《应用物理丛书》第四十二卷译出 | |
| 606 | @a二维-数字信号-信号处理 | |
| 606 | @a数字信号-二维-信号处理 | |
| 606 | @a信号处理-二维-数字信号 | |
| 606 | @a线性滤波器 | |
| 606 | 0 | @a自动信息理论 |
| 690 | @aTN911.72@v3 | |
| 690 | @aTP14 | |
| 701 | 1 | @a黄煦涛@Ahuang xu tao@bT.S.@4主编 |
| 701 | A1 | @aHuary@bT.S.@4主编 |
| 801 | 0 | @aCN@b深圳图书馆@c20040519 |
| 801 | 2 | @aCN@bNLC@c20040519 |
| 905 | @f2@b127304-305@dTP14@e26 | |
| 二维数字信号处理.I.线性滤波器/(美)黄煦涛(Huary,T.S.)主编.-北京:科学出版社,1985 |
| 276页;19cm |
| 根据联邦德国施普林格出版社出版的《应用物理丛书》第四十二卷译出 |
| ISBN :CNY2.10 |
| ● |
| 相关链接 |
|
|
|
|
正题名:二维数字信号处理
索取号:TP14/26
 
预约/预借
| 序号 | 登录号 | 条形码 | 馆藏地/架位号 | 状态 | 备注 |
| 1 | 0127304 | 001327905 | 第三借阅区/ [索取号:TP14/26] | 在馆 | |
| 2 | 0127305 | 001327987 | 第三借阅区/ [索取号:TP14/26] | 在馆 | |
| 3 | 0127306 | 001327941 | 第二样本阅览室/ [索取号:TP14/26] | 在馆 |